Statistics for NASCAR Drivers 1

Click here to take the quiz!

General Stats

  • This quiz has been taken 24 times
  • The average score is 12 of 16

Answer Stats

Answer% Correct
Austin Dillon
100%
Jeff Gordon
100%
Martin Truex Jr
100%
Tony Stewart
100%
Clint Bowyer
94%
Jimmie Johnson
94%
Darrell Waltrip
88%
Erik Jones
75%
Jamie McMurray
69%
Terry Labonte
69%
Cale Yarborough
63%
Cody Ware
63%
Rusty Wallace
63%
Ned Jarrett
56%
Ricky Rudd
56%
Red Byron
44%

Score Distribution

Percentile by Number Answered

Percent of People with Each Score

Your Score History

You have not taken this quiz